000
00334nam a2200145Ia 4500
005
20250405153308.0
008
240331s9999 xx 000 0 und d
082
_b
SIV
_a
894
100
_a
Sivalingam, S
245
0
_a
Neer valaiyangal
260
_a
Madras
_b
Tamiliyal
_c
1988
300
_a
xxiv, 142 p .,
650
_a
Poems
942
_c
L
999
_c
4122
_d
4122